Statistics for Countries that Beat Algeria

Click here to take the quiz!

General Stats

  • This quiz has been taken 554 times
    (217 since last reset)
  • The average score is 8 of 15

Answer Stats

RankCategoryCountries% Correct
2Largest African country between 1962–2011Sudan
97%
2Northernmost country in AfricaTunisia
95%
2Most native Arabic speakers [2]Egypt
84%
2Tallest African country north to southD.R. Congo
58%
2Longest border with MaliMauritania
58%
6Most military personnel per-capita in AfricaEritrea | South Sudan | Djibouti | Egypt | Morocco
56%
3Highest HDI in Africa [4]Mauritius | Seychelles
56%
4Most populous urban area starting with OJapan | United States | Burkina Faso
52%
3OPEC member that produces the least
amount of oil per-capita [1]
Nigeria | Venezuela
51%
2Largest area with a desert biome [3]Australia
48%
2Most recent Africa Cup of Nations championSenegal
47%
2Had the largest territory in the French EmpireCanada
39%
7Highest apricot production [5]Turkey | Iran | Uzbekistan | Italy | France | Pakistan
32%
5Full English-language name
with most characters
United Kingdom | São Tomé and Príncipe |
Sri Lanka | Ethiopia
27%
9Most recent to open its first metro systemVietnam | Pakistan | Australia | Qatar | Indonesia |
Panama | Peru | Kazakhstan
19%

Score Distribution

Percentile by Number Answered

Percent of People with Each Score

Your Score History

You have not taken this quiz since the last reset